Risk-based food inspection manual. (Record no. 11319)

000 -LEADER
fixed length control field 00557cam a2200181 a 4500
020 ## - INTERNATIONAL STANDARD BOOK NUMBER
ISBN 9789251059760 (pbk.)
020 ## - INTERNATIONAL STANDARD BOOK NUMBER
ISBN 9251059764 (pbk.)
040 ## - CATALOGING SOURCE
Transcribing agency UKM
082 04 - DEWEY DECIMAL CLASSIFICATION NUMBER
Classification number 363 FOO 2008
245 00 - TITLE STATEMENT
Title Risk-based food inspection manual.
260 ## - PUBLICATION, DISTRIBUTION, ETC. (IMPRINT)
Place of publication Rome :
Name of publisher Food and Agriculture Organization of the United Nations,
Year of publication 2008.
300 ## - PHYSICAL DESCRIPTION
Number of Pages x, 85 p. ;
Dimensions 30 cm.
490 0# - SERIES STATEMENT
Series statement FAO food and nutrition paper,
650 #0 - SUBJECT ADDED ENTRY--TOPICAL TERM
Topical Term Food adulteration and inspection
650 #0 - SUBJECT ADDED ENTRY--TOPICAL TERM
Topical Term Food
710 2# - ADDED ENTRY--CORPORATE NAME
Corporate name or jurisdiction name as entry element Food and Agriculture Organization of the United Nations.
942 ## - ADDED ENTRY ELEMENTS (KOHA)
Koha item type សៀវភៅភាសាអង់គ្លេស
952 ## - LOCATION AND ITEM INFORMATION (KOHA)
Withdrawn status [LOCAL, KOHA] 0
Holdings
Permanent Location Date acquired Koha item type Lost status Shelving location Barcode Current Location Full call number
Library Block A2017-08-01សៀវភៅភាសាអង់គ្លេស A015A12533Library Block A363 FOO 2008 A015 Or.
មជ្ឈមណ្ឌលឯការនៃសាកលវិទ្យាល័យភូមិន្ទកសិកម្មចំការដូង

Powered by Koha